[Event "Tata Steel Masters TB"]
[Site "Wijk aan Zee NED"]
[Date "2024.01.28"]
[Round "2.2"]
[White "Wei Yi"]
[Black "Gukesh, D."]
[Result "1-0"]
[WhiteElo "2740"]
[BlackElo "2725"]
[PlyCount "117"]
[EventDate "2024.01.28"]
[EventType "k.o."]

1. Nf3 d5 2. e3 Nf6 3. c4 e6 4. b3 Bd6 5. Bb2 Nc6 ({RR} 5... Nbd7 6. Nc3 O-O 7. cxd5 exd5 8. Nb5 Be7 9. Qc2 c6 10. Nbd4 Re8 11. Be2 g6 12. Ng5 c5 13. Ndf3 h6 14. Ne6 Qb6 15. Nf4 Nf8 16. g4 d4 17. g5 hxg5 18. Nxg5 Bd6 19. Ngh3 Bf5 20. Bd3 {Hertneck,G (2496)-Gajewski,G (2630) Germany 2018 0-1 (37)}) 6. cxd5 $146 ({RR} 6. d4 O-O 7. Be2 Re8 8. O-O a6 9. Nc3 dxc4 10. bxc4 e5 11. c5 exd4 12. exd4 Bf4 13. d5 Nb4 14. Bc4 Bf5 15. a3 Nc2 16. Ra2 Ng4 17. Bb3 Nce3 18. fxe3 Bxe3+ 19. Kh1 Nf2+ 20. Rxf2 Bxf2 {Marczuk,D (2283)-Liyanage,R (2347) chess.com INT 2024 0-1 (32)}) 6... exd5 7. g3 O-O 8. Bg2 Qe7 9. O-O Ne5 10. Nxe5 Bxe5 11. Bxe5 Qxe5 12. Nc3 c6 13. b4 h5 14. h3 Bf5 15. b5 d4 16. exd4 Qxd4 17. bxc6 bxc6 18. Qf3 Be6 19. Qe3 Qd7 20. Kh2 h4 21. gxh4 Rfe8 22. Qg5 Qd6+ 23. Qg3 Rad8 24. Rad1 Bc4 25. Rg1 Nh5 26. Qxd6 Rxd6 27. Bf3 Nf6 28. Rg5 Kf8 29. Rc5 Bd5 30. Nxd5 Nxd5 31. d4 Rf6 32. Rd3 Nb4 33. Rb3 Nd5 34. h5 g6 35. hxg6 fxg6 36. Kg3 Ne7 37. Be4 Rd6 38. Rc4 Red8 39. Rbb4 Kf7 40. Kf3 Kf6 41. Ke3 R8d7 42. Rb8 Re6 43. Kd3 Red6 44. Rf8+ Kg7 45. Rb8 Kf6 46. Kc3 Re6 47. f3 Nd5+ 48. Kb3 Ne7 49. h4 Nf5 50. Kc3 Nd6 51. Bxc6 Rc7 52. Rc5 Re3+ 53. Kd2 Ra3 54. Bd5 Rd7 55. Rc6 Ra5 56. Bb3 Ke7 57. Rg8 Kf6 58. Re8 Kf5 59. Be6+ 1-0

[Event "Titled Tue 23rd Jan Early"]
[Site "chess.com INT"]
[Date "2024.01.23"]
[Round "3"]
[White "Oparin, G."]
[Black "Akobian, V."]
[Result "1-0"]
[WhiteElo "2664"]
[BlackElo "2571"]
[PlyCount "49"]
[EventDate "2024.01.23"]

1. Nf3 Nf6 2. g3 d5 3. Bg2 c5 4. c4 d4 5. b4 Nc6 ({RR} 5... cxb4 6. a3 bxa3 7. Bxa3 Nc6 8. d3 g6 9. Nbd2 Bg7 10. Ra2 O-O 11. Qa1 Ne8 12. O-O Nc7 13. Rb1 Ne6 14. Nb3 Rb8 15. Bb2 b6 16. Nfd2 Bb7 17. Bxc6 Bxc6 18. Rxa7 Re8 19. Nf3 Bxf3 20. exf3 {Vachier Lagrave,M (2742)-Wojtaszek,R (2698) Germany 2014 ½-½ (38)}) 6. b5 Na5 $146 ({RR} 6... Nb8 7. e3 dxe3 8. fxe3 Bg4 9. Qb3 Qc8 10. O-O Bh3 11. Bb2 Bxg2 12. Kxg2 h5 13. Nc3 h4 14. Nxh4 Qg4 15. h3 Qh5 16. Qd1 Qh7 17. Qb1 e6 18. Qxh7 Rxh7 19. Nf3 Nbd7 20. Ng5 Rh6 21. Nce4 {Sodikov,I (2246)-Akkozov,B (2372) Kostanay 2013 1-0 (46)}) ({RR} 6... Nb8 7. e3 dxe3 8. fxe3 g6 9. Nc3 Bg7 10. Bb2 O-O 11. O-O Qc7 12. Qe2 Nbd7 13. a4 a5 14. d4 Nb6 {½-½ (14) Krstulovic,A (2429)-Sriansh Das (2278) San Vicente ESP 2025}) 7. d3 a6 8. a4 e6 9. O-O Be7 10. e3 dxe3 11. Bxe3 O-O 12. Nc3 b6 13. Ne5 Rb8 14. Nc6 Nxc6 15. bxc6 Qc7 16. Re1 Rd8 17. Rb1 h6 18. a5 bxa5 19. Rxb8 Qxb8 20. Na4 Qb4 21. c7 Rd7 22. Bd2 Qa3 23. Bxa5 Rxd3 24. Qa1 Ne8 25. Nb6 1-0

[Event "Titled Tue 23rd Jan Early"]
[Site "chess.com INT"]
[Date "2024.01.23"]
[Round "4"]
[White "Sjugirov, S."]
[Black "Narayanan, Sri"]
[Result "1-0"]
[WhiteElo "2695"]
[BlackElo "2552"]
[PlyCount "83"]
[EventDate "2024.01.23"]

1. Nf3 d5 2. g3 g6 3. Bg2 Bg7 4. O-O e5 5. d3 Ne7 6. c4 O-O 7. cxd5 Nxd5 8. Bg5 Qd6 ({RR} 8... Ne7 9. Nc3 ({RR} 9. Nc3 Nbc6 ({RR} 9... h6 10. Bd2 Nbc6 11. Rb1 a5 12. a3 Nd4 13. b4 axb4 14. axb4 Be6 15. b5 b6 16. Re1 Kh7 17. h4 Ra7 18. Qc1 Qd7 19. h5 g5 20. Ne4 f5 21. Nexg5+ hxg5 22. Nxg5+ Kh8 23. Bc3 Bd5) 10. Qd2 f6 11. Be3 Nf5 12. Bc5 Re8 13. Rac1 Ncd4 14. Rfd1 c6 15. e3 Nxf3+ 16. Bxf3 Be6 17. Qc2 b6 18. Ba3 Rc8 19. b4 Qd7 20. Bg2 Red8 21. Bb2 Qf7 22. Qb1 h5 23. h3 Bh6) 9... h6 10. Bd2 Nbc6 11. Rb1 a5 12. a3 Nd4 13. b4 axb4 14. axb4 Be6 15. b5 b6 16. Re1 Kh7 17. h4 Ra7 18. Qc1 Qd7 19. h5 g5 20. Ne4 f5 21. Nexg5+ hxg5 22. Nxg5+ Kh8 23. Bc3 {Sjugirov,S (2695)-Aronian,L (2725) chess.com INT 2024 1-0 (118)}) ({RR} 8... Ne7 9. Qc1 Nbc6 10. Nc3 a5 11. Ne4 Bg4 12. Nf6+ Bxf6 13. Bxf6 Qd6 14. Bg5 Bxf3 15. exf3 Rfd8 16. f4 f6 17. fxe5 Nxe5 18. d4 Qxd4 19. Bxf6 Nf3+ 20. Bxf3 Qxf6 21. Bxb7 Rab8 22. Qxc7 Qd6 23. Rac1 {Coro,L (2415)-Curi,G (2115) Florianopolis SC 2025 1-0}) 9. Nc3 Nxc3 $146 ({RR} 9... Be6 10. Qd2 Nxc3 11. bxc3 Bd5 12. Bh6 Nd7 13. Bxg7 Kxg7 14. c4 Bc6 15. Qc3 f6 16. d4 exd4 17. Nxd4 Bxg2 18. Kxg2 c5 19. Nf3 Qc6 20. Rfd1 Ne5 21. Rd5 Nxf3 22. Qxf3 Rad8 23. Rad1 Rxd5 24. Rxd5 {Avedisian,A (1935)-Amaral,F (1651) Montevideo 2021 1-0 (37)}) 10. bxc3 c6 11. Rb1 Na6 12. Nd2 Nc5 13. Qc1 Bg4 14. Re1 Qd7 15. Be3 Na4 16. Ne4 b6 17. Bh6 Rad8 18. Bxg7 Kxg7 19. Qa3 b5 20. c4 a6 21. Qb4 f6 22. Nc5 Nxc5 23. Qxc5 Rc8 24. a4 Be6 25. Red1 Rfd8 26. Rdc1 Qd4 27. Qe7+ Bf7 28. axb5 cxb5 29. cxb5 axb5 30. h4 Rxc1+ 31. Rxc1 Qd6 32. Qa7 Rd7 33. Qa5 b4 34. Rc6 Qe7 35. Rb6 b3 36. h5 gxh5 37. Qb5 Ra7 38. Bf3 h4 39. gxh4 Qc7 40. Kg2 Qc1 41. Qc6 Ra1 42. Qxf6+ 1-0

[Event "Titled Tue 23rd Jan Early"]
[Site "chess.com INT"]
[Date "2024.01.23"]
[Round "4"]
[White "Anton Guijarro, D."]
[Black "Andreikin, D."]
[Result "1-0"]
[WhiteElo "2670"]
[BlackElo "2729"]
[PlyCount "155"]
[EventDate "2024.01.23"]

1. Nf3 b5 2. e4 Bb7 3. Bxb5 Bxe4 4. O-O c6 5. Ba4 Qa5 ({RR} 5... Nf6 6. d4 e6 7. c4 Be7 8. Nc3 Bxf3 9. Qxf3 O-O 10. d5 cxd5 11. cxd5 Na6 12. Rd1 Qb6 13. Bg5 Nc5 14. Bc2 Qxb2 15. Rac1 Rac8 16. Qh3 g6 17. Bb1 Nxd5 18. Rc2 Qb7 19. Nxd5 Bxg5 20. Qg4 {Kramnik,V (2753)-Andreikin,D (2729) chess.com INT 2023 0-1 (63)}) ({RR} 5... e6 6. d4 Bd6 7. Nbd2 Bg6 8. Ne5 Nf6 9. Ndf3 Bh5 10. h3 Nd5 11. c4 Ne7 12. Bf4 Bc7 13. Re1 O-O 14. Bc2 f6 15. Nd3 f5 16. Nde5 d6 17. Nd3 Ng6 18. Rxe6 Nh4 19. Nde1 d5 20. Bg5 {Svane,R (2624)-Naroditsky,D (2619) chess.com INT 2025 0-1}) 6. Bb3 ({RR} 6. Nc3 Bxf3 7. Qxf3 Nf6 8. d4 e6 9. Bb3 d5 10. Ne2 Nbd7 11. c3 Bd6 12. Nf4 O-O 13. Nd3 Qc7 14. g3 a5 15. a4 c5 16. dxc5 Nxc5 17. Nxc5 Bxc5 18. Bc2 Qb6 19. Rb1 Qc6 20. Re1 Rfc8 {Melkumyan,H (2640)-Andreikin,D (2729) chess.com INT 2024 0-1 (57)}) 6... Qh5 7. d4 $146 ({RR} 7. Nd4 Qxd1 8. Rxd1 Nf6 9. Nc3 Bg6 10. Nde2 e6 11. Nf4 d5 12. d4 Bd6 13. Nxg6 hxg6 14. h3 Nbd7 15. Ne2 a5 16. c3 a4 17. Bc2 Ke7 18. a3 Rhb8 19. Nf4 Bxf4 20. Bxf4 Rxb2 21. Rdc1 Ne4 {Lenderman,A (2533)-Andreikin,D (2729) chess.com INT 2023 0-1}) 7... Bxf3 8. Qxf3 Qxf3 9. gxf3 Nf6 10. c4 e6 11. d5 Bc5 12. Nc3 a5 13. Rd1 O-O 14. Bg5 Na6 15. Ba4 Rfc8 16. dxc6 dxc6 17. Kg2 h6 18. Bxf6 gxf6 19. Ne4 f5 20. Nf6+ Kg7 21. Nd7 Rc7 22. f4 Be7 23. Ne5 Rac8 24. Rd2 Nc5 25. Bc2 Bf6 26. Rad1 Rb8 27. b3 a4 28. Rb1 Bxe5 29. fxe5 Rcb7 30. Rd6 Rb6 31. Rc1 axb3 32. axb3 Nxb3 33. Bxb3 Rxb3 34. Rxc6 Rb2 35. Rc3 R8b3 36. Rxb3 Rxb3 37. c5 Rc3 38. Rc8 f4 39. c6 Kg6 40. f3 Kf5 41. Rf8 Kxe5 42. Rxf7 Rxc6 43. Rh7 Kd4 44. Rxh6 Ke3 45. h4 Rc2+ 46. Kh3 e5 47. Re6 Kxf3 48. Rxe5 Rc1 49. Kh2 Rc2+ 50. Kh3 Rc1 51. Kh2 Kf2 52. Ra5 f3 53. Ra2+ Ke3 54. Ra3+ Kf4 55. Ra4+ Ke3 56. Ra3+ Ke2 57. Ra2+ Ke1 58. Kg3 Rc3 59. Rf2 Rc8 60. Rxf3 Rg8+ 61. Kf4 Ke2 62. Rh3 Rf8+ 63. Ke4 Re8+ 64. Kf5 Rf8+ 65. Kg6 Rg8+ 66. Kf7 Rh8 67. h5 Kf2 68. h6 Kg2 69. Rh5 Kf3 70. Kg7 Ra8 71. h7 Ra7+ 72. Kf6 Ra6+ 73. Ke7 Ra7+ 74. Kd6 Ra6+ 75. Kc7 Ra7+ 76. Kb6 Rxh7 77. Rxh7 Ke4 78. Kc6 1-0

[Event "Titled Tue 23rd Jan Early"]
[Site "chess.com INT"]
[Date "2024.01.23"]
[Round "5"]
[White "Sjugirov, S."]
[Black "Aronian, L."]
[Result "1-0"]
[WhiteElo "2695"]
[BlackElo "2725"]
[PlyCount "235"]
[EventDate "2024.01.23"]

1. Nf3 d5 2. g3 g6 3. Bg2 Bg7 4. O-O e5 5. d3 Ne7 6. c4 O-O 7. cxd5 Nxd5 8. Bg5 Ne7 9. Nc3 h6 10. Bd2 Nbc6 11. Rb1 a5 12. a3 Nd4 $146 ({RR} 12... Be6 13. Qc1 Kh7 14. b4 axb4 15. axb4 Nd4 16. Nxd4 exd4 17. Ne4 Bd5 18. Bf4 c6 19. b5 g5 20. Bd6 f5 21. bxc6 Bxc6 22. Bxe7 Qxe7 23. Nd2 Bxg2 24. Kxg2 Rfc8 25. Qd1 Ra2 26. Rb5 Rcc2 27. Nc4 {Nagy,G (2494)-Nakamura,H (2736) Chess.com INT 2020 0-1 (71)}) 13. b4 axb4 14. axb4 Be6 15. b5 b6 16. Re1 Kh7 17. h4 Ra7 18. Qc1 Qd7 19. h5 g5 20. Ne4 f5 21. Nexg5+ hxg5 22. Nxg5+ Kh8 23. Bc3 Bd5 24. e3 Bxg2 25. Kxg2 Nxb5 26. h6 Bf6 27. Nf3 Nxc3 28. Qxc3 Ra5 29. Qc4 Rc5 30. Qa2 Qxd3 31. Rbd1 Qe4 32. Qe6 Rc6 33. Qd7 Qc4 34. Rc1 Qe6 35. Qd2 Rxc1 36. Rxc1 c5 37. Rd1 e4 38. Ng1 Ng8 39. Nh3 Rd8 40. Qe2 Rxd1 41. Qxd1 Nxh6 42. Nf4 Qf7 43. Qd6 c4 44. Qxb6 c3 45. Qc6 Kh7 46. Nd5 Bg7 47. Nxc3 Bxc3 48. Qxc3 Ng4 49. Qc5 Kg6 50. Qd6+ Qf6 51. Qb8 Kg7 52. Qc7+ Qf7 53. Qc3+ Kh7 54. Qc5 Nh6 55. Qe5 Qh5 56. Qe7+ Nf7 57. Qd7 Kg7 58. Qc7 Qf3+ 59. Kg1 Qd1+ 60. Kg2 Qd6 61. Qb7 Kg6 62. Qa7 Ng5 63. Qa8 Qf6 64. Qg8+ Kh6 65. Qe8 Nf3 66. Qc8 Ne1+ 67. Kg1 Nd3 68. Kg2 Ne5 69. Kg1 Ng4 70. Kg2 Kg5 71. Qg8+ Kh6 72. Qc8 Ne5 73. Qg8 Ng6 74. Qc8 Kg5 75. Qc2 Qe6 76. Qc7 Ne7 77. Qf4+ Kg6 78. Qc7 Kf6 79. Qd8 Kf7 80. Qc7 Qd5 81. Qf4 Ke6 82. Qh6+ Kd7 83. Qg7 Qe6 84. Qg5 Kc6 85. Qg7 Nd5 86. Qd4 Kb5 87. Qb2+ Nb4 88. Qe2+ Nd3 89. Qc2 Qc4 90. Qd2 Qb4 91. Qa2 Ne1+ 92. Kf1 Nd3 93. Kg2 Qb2 94. Qd5+ Kb4 95. Qxf5 Nc5 96. Qf8 Kc4 97. Qf7+ Kd3 98. Qd5+ Ke2 99. Qxc5 Ke1 100. Qa5+ Ke2 101. Qa4 Ke1 102. Qa5+ Ke2 103. Qf5 Ke1 104. g4 Qe2 105. g5 Qf1+ 106. Kg3 Qg1+ 107. Kf4 Qxf2+ 108. Kxe4 Qc2+ 109. Kf4 Qf2+ 110. Kg4 Qe2+ 111. Qf3 Qc4+ 112. Qf4 Qe6+ 113. Kg3 Qg6 114. e4 Qb6 115. e5 Qg1+ 116. Kh4 Qh1+ 117. Kg4 Qg2+ 118. Qg3+ 1-0

[Event "Titled Tue 23rd Jan Early"]
[Site "chess.com INT"]
[Date "2024.01.23"]
[Round "8"]
[White "Shimanov, A."]
[Black "Akobian, V."]
[Result "1-0"]
[WhiteElo "2578"]
[BlackElo "2571"]
[PlyCount "97"]
[EventDate "2024.01.23"]

1. Nf3 Nf6 2. g3 b6 3. Bg2 Bb7 4. d3 e6 5. e4 c5 6. O-O d5 7. exd5 ({RR} 7. e5 Nfd7 8. Re1 Nc6 9. h4 Be7 10. c4 d4 11. a3 a6 12. Nbd2 Qc7 13. Ne4 Ncxe5 14. Nxe5 Nxe5 15. Bf4 f6 16. Qh5+ g6 17. Nxf6+ Bxf6 18. Bxe5 Bxe5 19. Qxe5 Qxe5 20. Rxe5 Bxg2 21. Kxg2 Kd7 {Amin,B (2680)-Saraci,N (2495) Chennai 2022 ½-½ (70)}) 7... Nxd5 8. Qe2 $146 ({RR} 8. d4 Nf6 9. Nc3 Nc6 10. Ne5 Qc8 11. Nxc6 Bxc6 12. d5 exd5 13. Nxd5 Nxd5 14. Bxd5 Be7 15. Re1 Qd7 16. Bxc6 Qxc6 17. Bf4 Kf8 18. Qh5 h6 19. Rad1 g5 20. Be5 Rh7 21. c4 {1-0 (21) Seeman,T (2403)-Jatshmenev,M (2227) Jyvaskyla 1999}) ({RR} 8. Re1 Be7 9. Bd2 O-O 10. Nc3 Nxc3 11. Bxc3 Nc6 12. d4 Nxd4 13. Nxd4 Bxg2 14. Nxe6 fxe6 15. Qxd8 Raxd8 16. Kxg2 Bf6 17. Bxf6 Rxf6 18. Re2 Rd4 19. c3 Rd3 20. Rae1 Kf7 {½-½ (20) Avramidou,A (2296)-Shuvalova,P (2483) FIDE Online Arena INT 2024}) 8... Be7 9. Rd1 Nc6 10. d4 cxd4 11. Nxd4 Nxd4 12. Rxd4 Qc7 13. c4 O-O 14. Na3 Nf6 15. Nb5 Qc8 16. Bf4 Bxg2 17. Kxg2 a6 18. Nc3 Rd8 19. Rad1 Rxd4 20. Rxd4 h6 21. Qf3 Ra7 22. b3 Rd7 23. Rxd7 Nxd7 24. h4 Kf8 25. h5 Nf6 26. Be5 Nd7 27. Bf4 Nf6 28. Ne4 Nxe4 29. Qxe4 a5 30. Be5 Bc5 31. Qf3 Kg8 32. Qg4 Qc6+ 33. f3 Bf8 34. Qe4 Qd7 35. Qd4 Qc8 36. g4 a4 37. Qxb6 a3 38. Qd4 Qa8 39. Bf4 Qa5 40. Bd2 Qa8 41. Bc3 Qc6 42. Qd8 Qc5 43. Qd3 Qc8 44. b4 Qa8 45. c5 Qa4 46. Be1 Qc6 47. Qc4 Be7 48. Bf2 Qa4 49. c6 1-0

[Event "Titled Tue 23rd Jan Late"]
[Site "chess.com INT"]
[Date "2024.01.23"]
[Round "3"]
[White "Erigaisi, Arjun"]
[Black "Krzyzanowski, M."]
[Result "1-0"]
[WhiteElo "2738"]
[BlackElo "2519"]
[PlyCount "74"]
[EventDate "2024.01.23"]

1. Nf3 Nf6 2. b3 g6 3. Bb2 Bg7 4. g3 O-O 5. Bg2 c5 6. O-O d5 7. e3 Nc6 8. Ne5 Qd6 ({RR} 8... Nxe5 9. Bxe5 Bg4 10. Qc1 Qd7 11. d3 Qf5 12. Bb2 Bh3 13. Nd2 Bxg2 14. Kxg2 Rfd8 15. Qd1 Rac8 16. Qe2 Qe6 17. Rfe1 b5 18. a4 c4 19. Bd4 a6 20. axb5 axb5 21. Nf3 Nd7 22. Ra5 cxb3 23. cxb3 {Carlsen,M (2868)-Radjabov,T (2745) Stavanger 2013 0-1 (61)}) ({RR} 8... Qc7 9. f4 Rd8 10. Nxc6 bxc6 11. Be5 Qb6 12. Nc3 d4 13. Na4 Qb5 14. Qf3 Bb7 15. d3 Nd5 16. Bxg7 Kxg7 17. Rfe1 Nxe3 18. Rxe3 dxe3 19. Qxe3 e6 20. Kf1 Qb4 21. Nxc5 Rab8 22. a3 Qc3 23. Qe5+ {Pein,J (2254)-Fronda,J (2120) chess.com INT 2025 0-1 (74)}) 9. Nxc6 bxc6 10. f4 h5 $146 ({RR} 10... Nh5 11. Bxg7 Nxg7 12. Nc3 e5 13. fxe5 Qxe5 14. Qf3 Ba6 15. Qf6 Qxf6 16. Rxf6 Ne6 17. Bf1 Bc8 18. Bh3 Kg7 19. Rf2 Ng5 20. Bxc8 Raxc8 21. Kg2 d4 22. Na4 Ne6 23. Re1 Rcd8 24. d3 h5 25. e4 {Talu,M (2327)-Portal Ramos,C (2115) chess.com INT 2024 1-0 (59)}) 11. Nc3 Ng4 12. Na4 Bxb2 13. Nxb2 a5 14. Qe1 Nh6 15. d3 e5 16. e4 exf4 17. gxf4 dxe4 18. Qxe4 Bf5 19. Nc4 Qd8 20. Qxc6 Qd4+ 21. Kh1 Ng4 22. Qf3 Rae8 23. Rad1 Re6 24. h3 Ne3 25. c3 Bg4 26. hxg4 hxg4 27. cxd4 gxf3 28. Nxe3 cxd4 29. Nc4 fxg2+ 30. Kxg2 Kg7 31. Rde1 Rfe8 32. Rxe6 Rxe6 33. Nxa5 Re2+ 34. Rf2 Re3 35. Rd2 Kf6 36. Nc4 Kf5 37. Nxe3+ dxe3 1-0

[Event "Titled Tue 23rd Jan Late"]
[Site "chess.com INT"]
[Date "2024.01.23"]
[Round "6"]
[White "Sjugirov, S."]
[Black "Kazakouski, Valery"]
[Result "1-0"]
[WhiteElo "2695"]
[BlackElo "2593"]
[PlyCount "73"]
[EventDate "2024.01.23"]

1. Nf3 d5 2. g3 Nd7 3. d4 Nb6 4. a4 a5 5. Nc3 Nf6 6. Bg2 Bf5 7. Nh4 Bg4 ({RR} 7... e6 8. Nxf5 exf5 9. Qd3 Qd7 10. O-O Bb4 11. Nd1 O-O 12. f3 Rfe8 13. Nf2 Qe6 14. Bg5 Nc4 15. c3 Bf8 16. Rae1 Nxb2 17. Qc2 Nc4 18. e4 h6 19. Bxf6 Qxf6 20. e5 Qe6 21. f4 h5 22. h3 {Rapport,R (2763)-Svidler,P (2714) Saint Louis 2021 1-0 (38)}) 8. h3 Bc8 9. O-O c6 10. Qd3 $146 ({RR} 10. Bg5 h6 11. Bxf6 exf6 12. e4 dxe4 13. Nxe4 Be7 14. f4 f5 15. Nc5 Bxh4 16. gxh4 O-O 17. h5 Nc4 18. Qd3 Nd6 19. Rae1 b6 20. Bxc6 Ra7 21. Nb3 Qh4 22. Qf3 Ba6 23. Rf2 Rc7 24. d5 Ne4 {Gaal,Z (2314)-Kazakouski,V (2558) chess.com INT 2023 0-1 (42)}) 10... g6 11. e4 dxe4 12. Nxe4 Nxe4 13. Qxe4 Bg7 14. c3 O-O 15. Nf3 Be6 16. Re1 h6 17. Qh4 g5 18. Bxg5 hxg5 19. Nxg5 Bf5 20. Be4 Qd7 21. g4 Bxe4 22. Rxe4 Rfe8 23. Qh7+ Kf8 24. Rf4 e6 25. Qg6 Re7 26. Nh7+ Ke8 27. Qxg7 Kd8 28. Nf6 Qd6 29. Rf3 Kc7 30. Re1 Rd8 31. Re5 Nc4 32. Rc5 Nxb2 33. Ne4 Qd7 34. Qe5+ Kc8 35. Rxa5 Qc7 36. Ra8+ Kd7 37. Nf6# 1-0

[Event "Titled Tue 23rd Jan Late"]
[Site "chess.com INT"]
[Date "2024.01.23"]
[Round "9"]
[White "Firouzja, Alireza"]
[Black "Yoo, Christopher Woojin"]
[Result "1-0"]
[WhiteElo "2759"]
[BlackElo "2595"]
[PlyCount "59"]
[EventDate "2024.01.23"]

1. Nf3 c5 2. g3 Nc6 3. Bg2 g6 4. O-O Bg7 5. e4 e5 6. c3 Nge7 7. d3 O-O 8. Re1 d6 9. a3 a5 10. a4 Be6 11. Na3 h6 12. Be3 $146 ({RR} 12. h3 Kh7 13. Nb5 f5 14. d4 fxe4 15. Rxe4 Bd5 16. Re1 Bxf3 17. Bxf3 cxd4 18. cxd4 Nxd4 19. Bxb7 Rb8 20. Nxd4 exd4 21. Bg2 Nf5 22. Ra3 Be5 23. f4 Bg7 24. Re6 Qd7 25. Bd5 Rfe8 26. Rxe8 Rxe8 {Poelig,J (1818)-Wallat,J (1744) Verden 2018 0-1 (38)}) 12... b6 13. d4 exd4 14. cxd4 Bg4 15. Nb5 d5 16. dxc5 d4 17. Bf4 bxc5 18. Rc1 g5 19. Bd6 Qd7 20. Rxc5 Rfd8 21. Qd2 Ng6 22. e5 Rac8 23. Nbxd4 Nxd4 24. Qxd4 Bxf3 25. Bxf3 Nxe5 26. Rcxe5 Bxe5 27. Rxe5 Rc1+ 28. Kg2 g4 29. Be4 Qxd6 30. Rd5 1-0

[Event "Titled Tue 23rd Jan Late"]
[Site "chess.com INT"]
[Date "2024.01.23"]
[Round "10"]
[White "Firouzja, Alireza"]
[Black "Erigaisi, Arjun"]
[Result "1-0"]
[WhiteElo "2759"]
[BlackElo "2738"]
[PlyCount "59"]
[EventDate "2024.01.23"]

1. Nf3 d6 2. d4 g6 3. e4 Bg7 4. Bc4 Nc6 5. O-O Nf6 6. d5 Nb8 7. Nc3 ({RR} 7. Re1 O-O 8. h3 c6 9. Bf1 a5 10. c4 Na6 11. Nc3 Nc5 12. Bf4 Re8 13. Qd2 a4 14. Rad1 Qa5 15. Bh6 Bxh6 16. Qxh6 a3 17. e5 dxe5 18. dxc6 axb2 19. Qd2 e4 20. Nd4 e5 21. cxb7 Bxb7 {Mamedyarov,S (2734)-Carlsen,M (2830) chess.com INT 2024 ½-½ (66)}) 7... O-O 8. a4 $146 ({RR} 8. Bg5 h6 9. Bh4 c5 10. Nd2 Ne8 11. f4 Nd7 12. Qe2 Nc7 13. e5 dxe5 14. d6 {1-0 (14) Fuchs,G (2156)-Wollrab,R (2179) Austria 2018}) 8... a5 9. Re1 Na6 10. e5 dxe5 11. Nxe5 Nb4 12. Bg5 Bf5 13. Bb3 h6 14. Bh4 Re8 15. d6 e6 16. d7 Re7 17. g4 g5 18. gxf5 gxh4 19. fxe6 fxe6 20. Ng6 Rxd7 21. Bxe6+ Kh7 22. Bxd7 Nxd7 23. Re7 Ra6 24. Qxd7 Rxg6+ 25. Kh1 Qf8 26. Rf7 Qc5 27. Rg1 Rxg1+ 28. Kxg1 Qg5+ 29. Kf1 Kg6 30. Rxg7+ 1-0

[Event "chess.com Speed Poland"]
[Site "chess.com INT"]
[Date "2024.01.19"]
[Round "1.12"]
[White "Klimkowski, Jan"]
[Black "Nasuta, G."]
[Result "1-0"]
[WhiteElo "2531"]
[BlackElo "2563"]
[PlyCount "81"]
[EventDate "2024.01.19"]
[EventType "k.o."]

1. Nf3 d5 2. g3 Bg4 3. Bg2 e6 4. O-O Nf6 5. c4 c6 6. d4 Nbd7 7. b3 Be7 8. Bb2 O-O 9. Nbd2 h6 10. Ne5 Bf5 11. Re1 ({RR} 11. e3 a5 12. a3 Bh7 13. Nxd7 Qxd7 14. Qe2 a4 15. b4 b5 16. c5 Ne4 17. Nf3 f6 18. Ne1 f5 19. Nd3 Rae8 20. Rfe1 Bd8 21. Ne5 Qc7 22. f3 Nf6 23. Bf1 Be7 24. Nxc6 Qxc6 25. Qxb5 Qxb5 {Manor,I (2464)-Tulchynskyi,F (2291) Israel ISR 2025 0-1 (82)}) 11... a5 12. a3 ({RR} 12. Bc3 Qb6 13. Nxd7 Nxd7 14. e4 dxe4 15. Nxe4 Rfd8 16. Nd2 Bf6 17. c5 Qc7 18. Qf3 Bg6 19. Nc4 Be7 20. Bd2 e5 21. Rad1 Bf8 22. Bc1 exd4 23. Bf4 Qc8 24. Nd6 Bxd6 25. Bxd6 d3 26. Re7 Nf6 {Klimkowski,J (2531)-Nasuta,G (2563) chess.com INT 2024 ½-½ (78)}) 12... Bh7 13. Bc3 $146 ({RR} 13. Nxd7 Qxd7 14. Bc3 Rfd8 15. Qc1 c5 16. e3 cxd4 17. Bxd4 Qe8 18. Qb2 Qf8 19. cxd5 exd5 20. Bh3 Ra6 21. Rec1 Rc6 22. a4 Ne4 23. Nxe4 Bxe4 24. Qe2 Bf6 25. Bxf6 Rxf6 26. Qd2 b6 27. Bg2 Qe7 {Wagner,D (2326)-Li,X (2307) Sharjah 2020 ½-½ (31)}) 13... Qb6 14. Nxd7 Nxd7 15. e4 dxe4 16. Nxe4 Rfd8 17. Nd2 Qc7 18. Qc1 Bf6 19. Qb2 e5 20. d5 Nc5 21. Bxe5 Bxe5 22. Qxe5 Qb6 23. Re3 Bg6 24. Qc3 Nd7 25. Rae1 cxd5 26. cxd5 Nf6 27. Nc4 Qc5 28. d6 Ra7 29. Re5 Qc8 30. Rxa5 Rxa5 31. Qxa5 Bd3 32. Nb6 Qb8 33. d7 Nxd7 34. Nd5 Nf8 35. Ne7+ Kh8 36. h4 Ne6 37. Qh5 Rf8 38. Qd5 Rd8 39. Qf3 Rf8 40. Qxb7 Qxb7 41. Bxb7 1-0

[Event "chess.com Speed Poland"]
[Site "chess.com INT"]
[Date "2024.01.23"]
[Round "1.16"]
[White "Heberla, B."]
[Black "Dragun, K."]
[Result "1-0"]
[WhiteElo "2546"]
[BlackElo "2553"]
[PlyCount "43"]
[EventDate "2024.01.19"]
[EventType "k.o."]

1. Nf3 d5 2. e3 Nf6 3. c4 c6 4. Nc3 e6 5. b3 Bd6 6. Bb2 O-O 7. Be2 b6 8. Qc2 ({RR} 8. Rc1 Bb7 9. cxd5 exd5 10. O-O Re8 11. Qc2 Nbd7 12. Qb1 Rc8 13. Rfd1 Ne5 14. d4 Nxf3+ 15. Bxf3 Rc7 16. Ne2 Ne4 17. Ng3 Bxg3 18. hxg3 Bc8 19. Qc2 Bf5 20. Qe2 Qd6 21. a3 a5 22. Qa6 Rb8 {Firouzja,A (2723)-Giri,A (2769) Moscow 2019 ½-½ (37)}) ({RR} 8. Rg1 e5 9. cxd5 cxd5 10. Nb5 Nc6 11. Nxd6 Qxd6 12. d4 e4 13. Ne5 Be6 14. f4 exf3 15. gxf3 Nxe5 16. dxe5 Qb4+ 17. Kf2 Qh4+ 18. Kg2 Nd7 19. Kh1 Rac8 20. Qd4 Qxd4 21. Bxd4 g6 22. Rac1 Nc5 {Gustafsson,J (2602)-Grave,J (2327) chess.com INT 2025 1-0 (34)}) 8... Bb7 9. e4 $146 ({RR} 9. O-O Re8 10. d4 Nbd7 11. a4 a5 12. Rad1 Rc8 13. h3 Qe7 14. Bd3 h6 15. e4 dxe4 16. Nxe4 Nxe4 17. Bxe4 Nf6 18. Bd3 c5 19. d5 exd5 20. Rfe1 Qf8 21. Bxf6 Rxe1+ 22. Nxe1 gxf6 23. cxd5 Kh8 {Quintiliano Pinto,R (2483)-Duarte Napoles,F (2203) Osasco BRA 2024 1-0 (41)}) ({RR} 9. Rg1 Na6 10. g4 e5 11. g5 Nd7 12. h4 Qe7 13. a3 b5 14. h5 b4 15. axb4 Nxb4 16. Qb1 e4 17. Nd4 Ne5 18. Nf5 Qd7 19. Nxd6 Qxd6 20. Ba3 c5 21. Bxb4 cxb4 22. Nxd5 Bxd5 23. cxd5 Qxd5 {Le,Q (2733)-Dragun,K (2550) chess.com INT 2023 0-1 (42)}) 9... e5 10. d4 exd4 11. Nxd4 Be5 12. Nf3 Bxc3+ 13. Qxc3 dxe4 14. Nd4 Qc7 15. Nf5 Qf4 16. Ne7+ Kh8 17. g3 Qh6 18. Nf5 Qg6 19. g4 Nbd7 20. h4 Ne8 21. O-O-O Ndf6 22. Ne7 1-0

[Event "chess.com Speed Poland"]
[Site "chess.com INT"]
[Date "2024.01.23"]
[Round "1.18"]
[White "Heberla, B."]
[Black "Dragun, K."]
[Result "1-0"]
[WhiteElo "2546"]
[BlackElo "2553"]
[PlyCount "65"]
[EventDate "2024.01.19"]
[EventType "k.o."]

1. Nf3 Nf6 2. e3 g6 3. b3 Bg7 4. Bb2 O-O 5. d4 b6 6. c4 Bb7 7. Nc3 e6 8. Be2 ({RR} 8. Qc2 d6 9. Rd1 Nbd7 10. Be2 a6 11. O-O Qe7 12. e4 e5 13. Nd5 Nxd5 14. cxd5 exd4 15. Nxd4 Nc5 16. Bf3 a5 17. a3 Rfe8 18. Rfe1 f5 19. b4 axb4 20. axb4 Nxe4 21. Bxe4 fxe4 22. Ne6 Bxb2 {Nakamura,H (2791)-Vachier Lagrave,M (2819) Chess.com INT 2016 0-1 (49)}) ({RR} 8. Bd3 d6 9. O-O Nbd7 10. Qc2 c5 11. dxc5 Nxc5 12. Be2 Qe7 13. Rfd1 Rfd8 14. Nd2 Rac8 15. Bf3 Bxf3 16. Nxf3 a6 17. Qe2 Qb7 18. b4 Nce4 19. Nxe4 Qxe4 20. Rac1 Qc6 21. a3 Qa4 22. Qc2 Qxc2 {Serban,C (2309)-Seo,J (2450) chess.com INT 2024 0-1 (47)}) 8... Ne4 9. Nxe4 Bxe4 10. O-O c5 $146 ({RR} 10... d6 11. Nd2 Bb7 12. Bf3 Qc8 13. Qc2 Bxf3 14. Nxf3 Nd7 15. e4 c5 16. Rad1 Qc7 17. d5 e5 18. g3 Rae8 19. Kg2 Nf6 20. Bc3 Nh5 21. Rde1 Qd7 22. h3 Bh6 23. Bd2 Bxd2 24. Qxd2 f5 25. exf5 {Zia,T (2255)-Anata,C (2188) Dhaka BAN 2022 ½-½ (31)}) 11. Qd2 cxd4 12. Bxd4 Nc6 13. Bxg7 Kxg7 14. Rfd1 d5 15. cxd5 Bxd5 16. Qc2 Rc8 17. e4 Nd4 18. Qb2 Qf6 19. Qxd4 Qxd4 20. Rxd4 Bb7 21. Bc4 Rfd8 22. Rad1 Rxd4 23. Rxd4 b5 24. Be2 Rc1+ 25. Rd1 Rc2 26. Bxb5 Bxe4 27. Ng5 Bd5 28. h4 Rxa2 29. Bc4 Bxc4 30. bxc4 Rc2 31. Rd7 h6 32. Nxf7 Kf6 33. Nxh6 1-0